000 00576nam a2200169Ia 4500
005 20250508155241.0
008 008 250505s9999 xx 000 0 eng d
037 _aBooks to be hide in OPAC
040 _aFEDL
_beng
_cFEDL
041 _aeng
_2eng
084 _a371.62, UNI/O
_qFEDL
100 _aWinant Rooskandar
_9766805
245 0 _aEnvironmental control in school buildings through planting
260 _aBangkok, Thailand
_bUNESCO Regional Office for Education in Asia and the Pacific
_c1964
942 _cHB
_h371.62, UNI/O
999 _c1355511
_d1355511